| 000 | 00496nam a2200133Ia 4500 | ||
|---|---|---|---|
| 008 | 260210s9999 xx 000 0 und d | ||
| 024 | _a12B-174-EL, 12B-187-EL, 12B-190-EL & 12B-194-EL | ||
| 082 | _a616.07072 SYE | ||
| 100 | _aSyed Usman Ali Hussaini, Rooshatay Mahtab, Ahsan Nisar & Usman Ghani | ||
| 245 | 0 | _aVoltage/Frequency Control of an Induction Motor Using FPGA | |
| 260 |
_aKarachi: _bUITU, _c2012 |
||
| 600 | _aElectrical Engineering | ||
| 650 | _aBachelor of Engineering (BE) | ||
| 999 |
_c33178 _d33178 |
||